Ciudades de España con mayor calidad de vida. - Estadísticas

Estadísticas generales
  • Esta prueba ha sido intentada 190 veces
  • La puntuación promedio es 6 de 10
Estadísticas de respuestas
Ciudad % Correcto
6 Valencia
85%
3 Oviedo
71%
4 Santander
66%
9 Vigo
64%
1 Pamplona
60%
5 Burgos
57%
10 León
57%
7 Castellón
53%
2 Logroño
49%
8 Cartagena
18%
No se encontraron pruebas coincidentes
Distribución de puntuación
Porcentaje de gente con cada puntuación
Porcentaje por número respondido
Historial de tus puntuaciones
No has intentado esta prueba.